00827nam a22002297a 450000500170000001000150001702000260003203500140005803700090007208200060008110000250008724501000011226000400021227000760025230000200032849000110034850000170035970000310037694200200040799900190042795201510044620250718150615.0 aENG-146041 c298.00a9788198111180 aEN-129573 bDBAD aS aPinto, Xavier983084 aRhapsody and Prism:bA Collection ofICSE Short Stories & Poems/cXavier Pinto [and] P.S. latika aNew DelhibBeeta Publicationsc2025 a4626/18, Ansari Road, Darya GanjbNew Delhie110002k23244660l23246113 a168p.c25cm(pb) vPart 2 aFor Class 12 aP.S. latikaeAuthor983081 2ddccENhSmPIN c212432d212432 001040708FICaZLSbZLSd2025-07-18eDelivery of Books Act Divisiong298.00l0oS PINpEN-129573r2025-07-18 00:00:00t1v298.00w2025-07-18yEN